| 000 | 00730nam a22002651c 4500 | ||
|---|---|---|---|
| 001 | a987663586 | ||
| 008 | 090413s2000 gw |||| 000u rus d | ||
| 041 | _arus | ||
| 100 | 1 | _aMicheev, G. V. | |
| 245 | 0 | 0 |
_aBeloe dviženie : _bKatalog kollekcii listovok (1917-1920 g.g.) |
| 264 |
_aSankt-Peterburg, _c2000 |
||
| 300 | _a504 S. | ||
| 650 | 0 | _aBürgerkrieg | |
| 650 | 0 | _aWeiße Bewegung | |
| 650 | 0 | _aFlugblätter | |
| 650 | 0 | _aPropaganda | |
| 655 | 0 | _aBibliographie | |
| 700 | 1 |
_aAlekseev, E. E. _eVerfasserIn |
|
| 700 | 1 |
_aDavidenko, N. A. _eVerfasserIn |
|
| 700 | 1 |
_aAlekseev, E. E. _eVerfasserIn |
|
| 710 | 2 | _aRossijskaja nacional'naja biblioteka | |
| 942 | _cMG | ||
| 040 | _cRU-10907106 | ||
| 003 | RU-10907106 | ||
| 999 |
_c17785 _d17785 |
||